| 000 | 00525nam a22001817a 4500 | ||
|---|---|---|---|
| 005 | 20251108172423.0 | ||
| 008 | 250721s1999 xx 000 0 ara d | ||
| 082 | 1 | 4 | _a651.75/شيخ |
| 100 | 1 |
_aأبو شيخة، رناد أحمد _eمؤلف |
|
| 245 | 1 | 0 | _aكتابة التقارير / |
| 264 | 1 |
_aعمان : _bدار الصفا لننشر و التوزيع، _c1999. |
|
| 300 | _a255 ص | ||
| 650 | 1 | 7 | _aالتقارير |
| 650 | 1 | 7 | _aالكتابة |
| 650 | 1 | 7 | _aالإدارة |
| 942 |
_2ddc _cBK |
||
| 999 |
_c78876 _d78876 |
||